| 000 | 00674nam a2200217 a 4500 | ||
|---|---|---|---|
| 003 | OSt | ||
| 005 | 20131002180019.0 | ||
| 008 | 131002n ag ||||| |||| 00| 0 spa d | ||
| 040 | _cBiblioteca Medicina | ||
| 041 | _aspa | ||
| 082 | _bVARIOS 0361 | ||
| 110 |
_aCalidad de Vida _92645 |
||
| 245 | 0 | 0 | _aEducacion para la Salud: Hipertension Arterial, una enfermedad silenciosa |
| 250 | _a1ยบ ed. | ||
| 260 |
_as/l _bOrganizacion Calidad de Vida _cs/f |
||
| 300 | _a75 p. | ||
| 653 | _aHIPERTENSION ARTERIAL-CURSILLO | ||
| 856 | _awww.cdv.org.ar | ||
| 942 |
_2ddc _cPH |
||
| 999 |
_c1723 _d1723 |
||
| 952 |
_40 _00 _bBFM _10 _oVARIOS 0361 _d2013-10-02 _tEj. 1 _8NFIC _70 _cCR _2ddc _yPH _aBFM |
||